| 000 | 02587cas a2200529 4500 | ||
|---|---|---|---|
| 001 | 11237332 | ||
| 005 | 20180124035318.0 | ||
| 008 | 790517d19uu200umnuar 0 a0eng c | ||
| 010 | _a 80641860 | ||
| 015 |
_a014183188 _2dnb |
||
| 016 | 7 |
_a765994--5 _2DE-600 |
|
| 016 | 7 |
_a010005605 _2Uk |
|
| 022 | 0 |
_a0272-0329 _21 |
|
| 035 | _a(OCoLC)ocm04973624 | ||
| 040 |
_aFXG _beng _cFXG _dDLC _dNSD _dDLC _dNSD _dNST _dDLC _dNST _dDLC _dNSD _dDLC _dNST _dOCL _dNST _dNSD _dNST _dDLC _dNSD _dDLC _dMYG _dNST _dDLC _dSLU _dDLC _dNSD _dWAU _dIUL _dOCLCQ _dDEBBG _dDLC _dGBVCP _dUKMGB _dOCLCQ _dOCLCF _dOCLCO _dOCLCA |
||
| 041 | _aeng | ||
| 042 |
_apcc _ansdp |
||
| 043 | _an-us--- | ||
| 080 | _a343.73052 | ||
| 082 | 0 | _a343.73052 HOF | |
| 100 | _a52 | ||
| 101 | _aMNG | ||
| 210 | 0 | _aWest's Fed. tax., Individ. income taxes | |
| 222 | 0 | _aWest's Federal taxation. Individual income taxes | |
| 245 | 0 | 0 |
_aWest's Federal taxation. _pIndividual income taxes. |
| 246 | 1 |
_iIssues for <2001-> have title: _aWest Federal taxation. _pIndividual income taxes |
|
| 246 | 3 | 0 | _aIndividual income taxes |
| 310 | _aAnnual | ||
| 515 | _aIssue for 2002 called also 25th anniversary. | ||
| 530 | _aAlso issued on CD-ROM. | ||
| 580 | _aAccompanied by: Introduction to computerized tax planning with AATAXCOM. | ||
| 580 | _aCan be used with: West-tax preparer ... to accompany West's federal taxation, and: Introduction to computerized tax planning with the BNA income tax spreadsheet. | ||
| 590 | _aSERBIB/SERLOC merged record | ||
| 770 | 0 |
_tUpdates and supplements to accompany West's federal taxation _x0275-1119 |
|
| 776 | 1 |
_tWest's federal taxation. Individual income taxes (CD-ROM) _x1522-7847 _w(DLC) 98660974 _w(OCoLC)40417462 |
|
| 776 | 0 | 8 |
_iOnline version: _tWest's Federal taxation. Individual income taxes _w(OCoLC)704441532 |
| 785 | 0 | 0 |
_tSouth-Western Federal taxation. Individual income taxes _x2155-9783 _w(DLC) 2010207474 _w(OC0LC)246889254 |
| 787 | 1 |
_tIntroduction to computerized tax planning with AATAXCOM _w(DLC) 88640058 _w(OCoLC)17699991 |
|
| 787 | 1 |
_tWest-tax preparer ... to accompany West's federal taxation _x1043-3961 _w(DLC) 89641703 _w(OCoLC)19356825 |
|
| 787 | 1 |
_tIntroduction to computerized tax planning with the BNA income tax spreadsheet _x1082-958X _w(DLC) 95645762 _w(OCoLC)32632590 |
|
| 906 |
_a7 _bcbc _cserials _d2 _encip _f19 _gn-oclcserc |
||
| 942 |
_2ddc _cBK |
||
| 999 |
_c40826 _d40826 |
||